LEADER 00920nam0-2200325---450 001 990008814270403321 005 20190510102706.0 010 $a978-1-4051-7532-6 035 $a000881427 035 $aFED01000881427 035 $a(Aleph)000881427FED01 035 $a000881427 100 $a20090225d2009----km-y0itay50------ba 101 0 $aeng 102 $aUS 105 $aa-------001yy 200 1 $aMolecular aspects of plant disease resistance$fedited by Jane Parker 210 $aAmes, Iowa$cBlackwell$d2009 215 $aXIV, 383 p.$cill.$d24 cm 225 1 $aAnnual plant reviews$v34 610 0 $aBatteriosi 676 $a632.3$v20$zita 702 1$aParker,$bJane 801 0$aIT$bUNINA$gRICA$2UNIMARC 901 $aBK 912 $a990008814270403321 952 $a60 632.3 PARJ 2009$b11743$fFAGBC 959 $aFAGBC 996 $aMolecular aspects of plant disease resistance$9806722 997 $aUNINA LEADER 01264nam 2200445 450 001 9910826429603321 005 20230725050234.0 010 $a0-87609-458-2 010 $a1-283-08487-2 010 $a9786613084873 010 $a0-87609-443-4 035 $a(CKB)3390000000007691 035 $a(MiAaPQ)EBC4877460 035 $a(MiAaPQ)EBC30003638 035 $a(Au-PeEL)EBL30003638 035 $a(EXLCZ)993390000000007691 100 $a20200103d2011 uy 0 101 0 $aeng 135 $aurcnu|||||||| 181 $ctxt$2rdacontent 182 $cc$2rdamedia 183 $acr$2rdacarrier 200 14$aThe drug war in Mexico $econfronting a shared threat /$fDavid A. Shirk 205 $a1st ed. 210 1$aNew York, New York :$cCouncil on Foreign Relations,$d[2011] 210 4$d©2011 215 $a1 online resource (xii, 43 pages) 225 1 $aCSR ;$vNumber 60 410 0$aCSR (New York, N.Y.) ;$vNumber 60. 606 $aDrug traffic$zMexico 615 0$aDrug traffic 676 $a363.450972 700 $aShirk$b David A.$f1971-$01691188 801 0$bMiAaPQ 801 1$bMiAaPQ 801 2$bMiAaPQ 906 $aBOOK 912 $a9910826429603321 996 $aThe drug war in Mexico$94067399 997 $aUNINA LEADER 02183nam0 2200469 i 450 001 VAN0133560 005 20230619111550.636 017 70$2N$a9783319091419 100 $a20210414d2015 |0itac50 ba 101 $aeng 102 $aCH 105 $a|||| ||||| 200 1 $aConductors, Semiconductors, Superconductors$ean Introduction to Solid State Physics$fRudolf P. Huebener 210 $aCham$cSpringer$d2015 215 $axiii, 215 p.$cill.$d24 cm 410 1$1001VAN0117860$12001 $aUndergraduate lecture notes in physics$1210 $aBerlin [etc.]$cSpringer 500 1$3VAN0134290$aLeiter, Halbleiter, Supraleiter : Eine Einführung in die Festkörperphysik$91805114 606 $a82-XX$xStatistical mechanics, structure of matter [MSC 2020]$3VANC021931$2MF 606 $a82D37$xStatistical mechanical studies of semiconductors [MSC 2020]$3VANC023098$2MF 606 $a00A79 (77-XX)$xPhysics [MSC 2020]$3VANC023182$2MF 606 $a82D35$xStatistical mechanical studies of metals [MSC 2020]$3VANC034060$2MF 610 $aBallistic Phonons$9KW:K 610 $aCrystal lattices$9KW:K 610 $aFermi Surface$9KW:K 610 $aJosephson Effect$9KW:K 610 $aLandau Theory$9KW:K 610 $aQuantum Hall Effect$9KW:K 610 $aQuantum Statistics$9KW:K 610 $aQuantum Wires and Quantum Dots$9KW:K 610 $aSemiconductors Introduction$9KW:K 610 $aTopological Insulators$9KW:K 620 $aCH$dCham$3VANL001889 700 1$aHuebener$bRudolf P.$3VANV107305$0792260 712 $aSpringer $3VANV108073$4650 801 $aIT$bSOL$c20240614$gRICA 856 4 $uhttp://doi.org/10.1007/978-3-319-09141-9$zE-book ? Accesso al full-text attraverso riconoscimento IP di Ateneo, proxy e/o Shibboleth 899 $aBIBLIOTECA DEL DIPARTIMENTO DI MATEMATICA E FISICA$1IT-CE0120$2VAN08 912 $fN 912 $aVAN0133560 950 $aBIBLIOTECA DEL DIPARTIMENTO DI MATEMATICA E FISICA$d08CONS e-book 2313 $e08eMF2313 20210414 996 $aLeiter, Halbleiter, Supraleiter : Eine Einführung in die Festkörperphysik$91805114 997 $aUNICAMPANIA